| 000 | 00354nam a2200133Ia 4500 | ||
|---|---|---|---|
| 008 | 240719s9999 xx 000 0 und d | ||
| 041 | _aeng | ||
| 082 | _a808 SHE | ||
| 100 | _aShenoy, Preeti | ||
| 245 | _aThe One You Cannot Have | ||
| 260 |
_aChennai _bWestland Ltd _c2013 |
||
| 300 | _a270.; P. 22 Cm. | ||
| 520 | _aGifted By : IMT Faculty Dr. Pawan Jain | ||
| 999 |
_c41293 _d41293 |
||